000 00594nam a22001935i 4500
001 171792
003 ES-MaACL
005 20251002162510.0
008 090601s1982 sp |||| | spa d
020 _a84-300-7528-3
080 _a821.134.2 Casona, Alejandro 1.06
100 1 _aSolís, Jesús-Andrés.
_9107213
245 1 0 _aAlejandro Casona y su teatro /
_cJesús-Andrés Solís.
260 _aGijón :
_b[J.A. Solís],
_c[1982]
300 _a117 p. ;
_c18 cm.
600 1 4 _aCasona, Alejandro,
_d1903-1965
_9171490
852 _aES-MaACL
_jL-10734
_9R.108327
999 _c171792
_d171792